000 00929nam a2200253Ia 4500
003 OSt
005 20221005103920.0
006 a|||||r|||| 00| 0
007 ta
008 221004b |||||||| |||| 00| 0 hin d
020 _a8170165296 (hbk)
_c233.75
024 _a106080
037 _b12953, 18/03/2011, Kitab Ghar
_cTextual
040 _aCRL
_cCRL
_bhin
041 _2hin
_ahin
082 _aV2y7N02, 152P5
100 _aबेनीपुरी, श्रीरामवृक्ष
245 0 _aजयप्रकाश नारायण
_b एक जीवनी
246 _aJayaprakāsh nārāyaṇa: ek jīvanī
260 _aदिल्ली
_bकिताबघर भारत
_c2005
300 _a207पृ0
_ccm.
942 _hV2y7N02, 152P5
_cTEXL
_2cc
999 _c1011262
_d1011262